[Event "Titled Tuesday intern op 16th Jan Late"]
[Site "Chess.com INT"]
[Date "2024.01.16"]
[Round "5"]
[White "Shevchenko, Danylo"]
[Black "Seemann, Jakub"]
[Result "0-1"]
[WhiteElo "2212"]
[BlackElo "2439"]
[PlyCount "104"]
[EventDate "2024.01.16"]
[EventType "swiss (blitz)"]
[EventRounds "11"]
[EventCountry "USA"]
[SourceTitle "CB04_2024"]
[SourceDate "2023.10.16"]
[SourceVersion "1"]
[SourceVersionDate "2023.10.16"]
[SourceQuality "1"]

1. d3 Nf6 2. c3 b6 3. Nd2 Bb7 4. Ngf3 g6 5. h3 Bg7 6. g4 0-0 7. Bg2 d6 8. Nh4 Bxg2 9. Nxg2 Qc8 10. g5 Qb7 11. Nf3 Nh5 12. h4 Nd7 13. Qa4 Ne5 14. Qe4 Nxf3+ 15. exf3 d5 16. Qg4 f5 17. gxf6 Rxf6 18. Bg5 Rc6 19. 0-0 e5 20. f4 exf4 21. Nxf4 Nxf4 22. Bxf4 Rf8 23. Bg3 Rcf6 24. h5 Qc6 25. Rae1 gxh5 26. Qxh5 Rg6 27. Re7 d4 28. c4 Qf6 29. Ree1 Kh8 30. Kg2 Rg5 31. Qe2 c5 32. Qe4 Rf5 33. Re2 Qg6 34. Rh1 Be5 35. Rh3 Bg7 36. a3 a6 37. b4 cxb4 38. axb4 a5 39. bxa5 bxa5 40. Rh4 a4 41. Rg4 Qf7 42. Ra2 a3 43. Rxa3 Rxf2+ 44. Bxf2 Qxf2+ 45. Kh3 Rf3+ 46. Qxf3 Qxf3+ 47. Rg3 Qh1+ 48. Kg4 Be5 49. Ra8+ Qxa8 50. Rf3 Qg8+ 51. Kf5 Bc7 52. Ke4 Qg4+ 0-1

[Event "UKR-ch Rapid"]
[Site "Omelnyk"]
[Date "2021.10.01"]
[Round "3"]
[White "Palchuk, Andrii"]
[Black "Shevchenko, Danylo"]
[Result "1-0"]
[WhiteElo "2188"]
[BlackElo "2195"]
[PlyCount "69"]
[EventDate "2021.10.01"]
[EventType "swiss (rapid)"]
[EventRounds "9"]
[EventCountry "UKR"]
[SourceTitle "CBM 204 Extra"]
[Source "ChessBase"]
[SourceDate "2021.11.30"]
[SourceVersion "1"]
[SourceVersionDate "2021.11.30"]
[SourceQuality "1"]

1. d4 d5 2. Nf3 Nc6 3. Bf4 Bg4 4. e3 f6 5. Be2 e5 6. dxe5 Bxf3 7. Bxf3 fxe5 8. Bg3 Nf6 9. 0-0 e4 10. Be2 Bd6 11. c4 Bxg3 12. hxg3 d4 13. exd4 Nxd4 14. Nc3 c5 15. Re1 0-0 16. Bg4 Qb6 17. b3 Nxg4 18. Qxg4 Nc2 19. Nd5 Qh6 20. Qxe4 Nxa1 21. Rxa1 Qd2 22. Qe3 Qb2 23. Re1 Qxa2 24. Qxc5 Qxb3 25. Qd4 Rae8 26. Rxe8 Rxe8 27. Kh2 a5 28. Nc7 Rb8 29. Ne6 Kf7 30. Qd7+ Kf6 31. Qd6 Qb4 32. Nc5+ Kf5 33. Qe6+ Kg5 34. Ne4+ Kh5 35. Qf5+ 1-0

[Event "SVK-ch Amateurs"]
[Site "Topolcany"]
[Date "2021.08.08"]
[Round "5"]
[White "Shevchenko, Danylo"]
[Black "Jostic, Peter"]
[Result "1-0"]
[WhiteElo "2170"]
[BlackElo "2063"]
[PlyCount "85"]
[EventDate "2021.08.06"]
[EventType "swiss"]
[EventRounds "7"]
[EventCountry "SVK"]
[SourceTitle "EXT 2022"]
[Source "ChessBase"]
[SourceDate "2021.10.06"]
[SourceVersion "1"]
[SourceVersionDate "2021.10.06"]
[SourceQuality "1"]

1. e4 c5 2. d4 cxd4 3. c3 d5 4. exd5 Qxd5 5. cxd4 Nc6 6. Nf3 e5 7. Nc3 Bb4 8. Bd2 Bxc3 9. Bxc3 e4 10. Ne5 Nxe5 11. dxe5 Ne7 12. Qe2 Bf5 13. Rd1 Qc6 14. Rd6 Qc7 15. g4 Bg6 16. Bg2 0-0 17. 0-0 f5 18. Rfd1 Be8 19. gxf5 Nxf5 20. Qxe4 Nxd6 21. exd6 Qf7 22. Qxb7 Qxb7 23. Bxb7 Rb8 24. d7 Bh5 25. Bd5+ Bf7 26. Bxf7+ Kxf7 27. Ba5 Rfd8 28. Bxd8 Rxd8 29. Kf1 Ke6 30. Ke2 Ke5 31. b4 Ke4 32. f3+ Ke5 33. Ke3 Kf5 34. Rd5+ Ke6 35. Ke4 g5 36. a4 h6 37. b5 Rxd7 38. Rxd7 Kxd7 39. Kd5 Kc7 40. a5 Kd7 41. b6 axb6 42. axb6 Kc8 43. Ke6 1-0

[Event "SVK-ch Amateurs"]
[Site "Topolcany"]
[Date "2021.08.06"]
[Round "2"]
[White "Kvassay, Peter"]
[Black "Shevchenko, Danylo"]
[Result "0-1"]
[WhiteElo "1976"]
[BlackElo "2170"]
[PlyCount "104"]
[EventDate "2021.08.06"]
[EventType "swiss"]
[EventRounds "7"]
[EventCountry "SVK"]
[SourceTitle "EXT 2022"]
[Source "ChessBase"]
[SourceDate "2021.10.06"]
[SourceVersion "1"]
[SourceVersionDate "2021.10.06"]
[SourceQuality "1"]

1. d4 d5 2. Nf3 Nc6 3. Bf4 Bg4 4. e3 f6 5. Be2 e5 6. dxe5 Bxf3 7. Bxf3 fxe5 8. Bg3 e4 9. Be2 Nf6 10. c4 d4 11. exd4 Qxd4 12. Nc3 0-0-0 13. 0-0 Qc5 14. Qc1 Bd6 15. Bxd6 Rxd6 16. Nb5 Rd7 17. a3 a6 18. Nc3 Nd4 19. Qe3 Re8 20. Rad1 Qe5 21. Rd2 Nf5 22. Qa7 Rxd2 23. Qa8+ Kd7 24. Qxb7 Nd6 25. Qxa6 Rxb2 26. c5 Qxc5 27. Na4 Qe5 28. Nxb2 Qxb2 29. Rd1 Ke7 30. Qc6 Qxe2 31. Qxc7+ Kf8 32. Qxd6+ Kg8 33. h3 e3 34. fxe3 Qxe3+ 35. Kh2 Qe5+ 36. Qxe5 Rxe5 37. a4 Ra5 38. Rd4 Nd5 39. Kg3 Nb6 40. Rb4 Nxa4 41. Rb8+ Kf7 42. Rb7+ Kf6 43. Rc7 Nc5 44. Rc6+ Ne6 45. Rb6 Ra3+ 46. Kg4 g6 47. g3 Rc3 48. Ra6 h5+ 49. Kh4 g5+ 50. Kxh5 Rxg3 51. h4 Rh3 52. Ra4 Ng7+ 0-1

[Event "Pardubice Czech op-B 30th"]
[Site "Pardubice"]
[Date "2019.07.23"]
[Round "5"]
[White "Shevchenko, Danylo"]
[Black "Lupolov, Boris"]
[Result "1-0"]
[WhiteElo "2154"]
[BlackElo "2001"]
[PlyCount "89"]
[EventDate "2019.07.19"]
[EventType "swiss"]
[EventRounds "9"]
[EventCountry "CZE"]
[SourceTitle "EXT 2020"]
[Source "ChessBase"]
[SourceDate "2019.10.17"]
[SourceVersion "1"]
[SourceVersionDate "2019.10.17"]
[SourceQuality "1"]

1. e4 c6 2. d4 d5 3. f3 e6 4. Nc3 Bb4 5. a3 Ba5 6. Bd2 Ne7 7. Bd3 0-0 8. e5 Bxc3 9. bxc3 b6 10. f4 Ba6 11. Nf3 Bxd3 12. cxd3 c5 13. 0-0 Nbc6 14. dxc5 bxc5 15. Qa4 Qd7 16. Rab1 Rab8 17. Qa6 h6 18. Rfc1 Qc8 19. Qxc8 Rfxc8 20. c4 d4 21. Rb5 a6 22. Rxc5 Rb3 23. a4 Rcb8 24. Ne1 Ra3 25. a5 Rb2 26. Rd1 Raa2 27. Nf3 Kf8 28. g4 Rb3 29. Be1 Raa3 30. Bh4 Rxd3 31. Bxe7+ Nxe7 32. Rxd3 Rxd3 33. Kf2 Ra3 34. Nxd4 Ke8 35. f5 Rd3 36. Nc6 Ra3 37. Nb8 exf5 38. gxf5 Nxf5 39. Nxa6 Nd4 40. Nb8 Kd8 41. a6 Nb3 42. Rc6 Nd4 43. Rd6+ Kc7 44. a7 Nb3 45. Na6+ 1-0

[Event "Prague op 17th"]
[Site "Prague"]
[Date "2018.01.13"]
[Round "3"]
[White "Bhakti, Kulkarni"]
[Black "Shevchenko, Danylo"]
[Result "1-0"]
[WhiteElo "2306"]
[BlackElo "2164"]
[PlyCount "61"]
[EventDate "2018.01.12"]
[EventType "swiss"]
[EventRounds "9"]
[EventCountry "CZE"]
[SourceTitle "CBM 182 Extra"]
[Source "ChessBase"]
[SourceDate "2018.02.23"]
[SourceVersion "1"]
[SourceVersionDate "2018.02.23"]
[SourceQuality "1"]

1. d4 d5 2. c4 Nc6 3. Nc3 dxc4 4. d5 Ne5 5. f4 Ng4 6. e4 e5 7. f5 h5 8. Be2 Bc5 9. Bxg4 Qh4+ 10. g3 Qxg4 11. Qa4+ Bd7 12. Qxc4 Bb6 13. Qe2 g6 14. fxg6 fxg6 15. Nf3 Bd4 16. Bg5 Ne7 17. Nxd4 Qxg5 18. Nf3 Qf6 19. 0-0 0-0-0 20. Qe3 Bh3 21. Rf2 Rdf8 22. Qxa7 g5 23. Na4 Kd8 24. Rc1 Nc8 25. Qxb7 Rf7 26. Rc6 Nd6 27. Qb8+ Bc8 28. Nb6 h4 29. Nxc8 hxg3 30. Nxd6+ Ke7 31. Rxc7+ 1-0

[Event "UKR-ch sf"]
[Site "Omelnyk"]
[Date "2017.10.03"]
[Round "1"]
[White "Bernadskiy, Vitaliy"]
[Black "Shevchenko, Danylo"]
[Result "1-0"]
[WhiteElo "2570"]
[BlackElo "2167"]
[PlyCount "81"]
[EventDate "2017.10.03"]
[EventType "swiss"]
[EventRounds "9"]
[EventCountry "UKR"]
[SourceTitle "CBM 181 Extra"]
[Source "ChessBase"]
[SourceDate "2017.12.12"]
[SourceVersion "1"]
[SourceVersionDate "2017.12.12"]
[SourceQuality "1"]

1. c4 Nc6 2. Nc3 e5 3. g3 g6 4. Bg2 Bg7 5. Rb1 a5 6. a3 d6 7. b4 axb4 8. axb4 f5 9. b5 Nce7 10. d3 h6 11. Qb3 Nf6 12. Nf3 Be6 13. Ba3 0-0 14. Nd2 c6 15. 0-0 f4 16. bxc6 bxc6 17. Qb4 c5 18. Qb3 Ra7 19. Nb5 Rd7 20. Bb2 Nf5 21. Ra1 fxg3 22. hxg3 Ng4 23. Ne4 h5 24. Bc1 Bh6 25. Bxh6 Ngxh6 26. Qb2 Kg7 27. Ra6 Kf7 28. Qd2 Qe7 29. Nbxd6+ Kg7 30. Nxf5+ Nxf5 31. Qg5 Qxg5 32. Nxg5 Bg8 33. Bh3 Rb7 34. Rfa1 Nd4 35. e3 Nc2 36. Ra7 Rfb8 37. Bg2 Rxa7 38. Rxa7+ Kh6 39. Ne4 Rb1+ 40. Kh2 Nb4 41. Nf6 1-0

[Event "Pardubice Czech op-B 28th"]
[Site "Pardubice"]
[Date "2017.07.26"]
[Round "6"]
[White "Shevchenko, Danylo"]
[Black "Mustafayev, Farid Farman Oglu"]
[Result "1-0"]
[WhiteElo "2150"]
[BlackElo "1968"]
[PlyCount "97"]
[EventDate "2017.07.21"]
[EventType "swiss"]
[EventRounds "9"]
[EventCountry "CZE"]
[SourceTitle "CBM 179 Extra"]
[Source "ChessBase"]
[SourceDate "2017.08.23"]
[SourceVersion "1"]
[SourceVersionDate "2017.08.23"]
[SourceQuality "1"]

1. e4 Nf6 2. Nc3 e5 3. f4 d6 4. Nf3 Bg4 5. h3 Bxf3 6. Qxf3 Be7 7. Bc4 Nc6 8. 0-0 0-0 9. a3 Nd4 10. Qd1 exf4 11. d3 f3 12. Be3 fxg2 13. Rf2 Ne6 14. Rxg2 c6 15. Qf3 g6 16. Kh1 Nd7 17. d4 Bf6 18. Ne2 b5 19. Bb3 c5 20. c3 c4 21. Bc2 Kh8 22. Rag1 Qe7 23. a4 a6 24. Nf4 Nxf4 25. Bxf4 b4 26. Qg3 Bh4 27. Bxd6 Qf6 28. Qh2 Rfe8 29. Bxb4 Qf3 30. Bd6 Nf6 31. Qf4 Qxf4 32. Bxf4 Nh5 33. Bg5 Bxg5 34. Rxg5 Rab8 35. Rb1 Nf4 36. Kh2 f5 37. e5 Nd5 38. Rg3 a5 39. b3 f4 40. Rf3 Ne3 41. Be4 cxb3 42. Rxf4 Rf8 43. Rxb3 Rxb3 44. Rxf8+ Kg7 45. Rc8 Ra3 46. Rc7+ Kf8 47. e6 Nf5 48. Bxf5 gxf5 49. Kg3 1-0

[Event "Pardubice Czech op-B 28th"]
[Site "Pardubice"]
[Date "2017.07.23"]
[Round "3"]
[White "Ilandzis, Spyridon"]
[Black "Shevchenko, Danylo"]
[Result "1-0"]
[WhiteElo "2037"]
[BlackElo "2150"]
[PlyCount "103"]
[EventDate "2017.07.21"]
[EventType "swiss"]
[EventRounds "9"]
[EventCountry "CZE"]
[SourceTitle "CBM 179 Extra"]
[Source "ChessBase"]
[SourceDate "2017.08.23"]
[SourceVersion "1"]
[SourceVersionDate "2017.08.23"]
[SourceQuality "1"]

1. d4 d5 2. c4 Nc6 3. Nf3 Bg4 4. cxd5 Bxf3 5. gxf3 Qxd5 6. e3 e5 7. Nc3 Bb4 8. Bd2 Bxc3 9. bxc3 Qd6 10. Rb1 0-0-0 11. Qb3 b6 12. Qxf7 Nh6 13. Qc4 Rhf8 14. Bd3 exd4 15. cxd4 Rxf3 16. Be4 Rf6 17. Qa6+ Kb8 18. Rc1 Qd7 19. Rc3 Re8 20. f3 Nf5 21. Ra3 Nfxd4 22. exd4 Rxe4+ 23. fxe4 Qxd4 24. Qe2 Qb2 25. Rb3 Qxa2 26. Qc4 Qa1+ 27. Bc1 Na5 28. Ra3 Qb1 29. Rxa5 bxa5 30. Rf1 Qb4+ 31. Qxb4+ axb4 32. Rxf6 gxf6 33. Bb2 Kc8 34. Bxf6 a5 35. Kd2 Kd7 36. Kd3 Ke6 37. Bd4 Kd6 38. Kc4 c6 39. Bb6 Ke5 40. Bxa5 c5 41. Bb6 Kxe4 42. Bxc5 Kf5 43. Kxb4 Kg6 44. Kc4 Kf6 45. Kd5 Kf5 46. Bd6 Kf6 47. Ke4 Kg5 48. Be7+ Kg4 49. h4 Kh5 50. Kf5 Kh6 51. Kf6 Kh5 52. Kg7 1-0

[Event "Albena op"]
[Site "Albena"]
[Date "2017.06.23"]
[Round "7"]
[White "Nahornyi, Ihor"]
[Black "Shevchenko, Danylo"]
[Result "0-1"]
[WhiteElo "1469"]
[BlackElo "2150"]
[PlyCount "80"]
[EventDate "2017.06.17"]
[EventType "swiss"]
[EventRounds "9"]
[EventCountry "BUL"]
[SourceTitle "CBM 179 Extra"]
[Source "ChessBase"]
[SourceDate "2017.08.23"]
[SourceVersion "1"]
[SourceVersionDate "2017.08.23"]
[SourceQuality "1"]

1. e4 e5 2. Nf3 Nc6 3. Bb5 Nd4 4. Nxd4 exd4 5. 0-0 c6 6. Bc4 Nf6 7. Re1 d6 8. c3 Ng4 9. h3 Ne5 10. d3 dxc3 11. Nxc3 Nxc4 12. dxc4 Be7 13. Bf4 0-0 14. Re3 f5 15. exf5 Rxf5 16. Bg3 Bf8 17. Rd3 Be6 18. b3 d5 19. Ne2 Qf6 20. cxd5 Rxd5 21. Rxd5 Bxd5 22. Qd4 Qxd4 23. Nxd4 a5 24. Ne2 a4 25. bxa4 Rxa4 26. Nc3 Ra5 27. Nxd5 Rxd5 28. a4 Bb4 29. Kf1 Kf7 30. Bc7 Ke6 31. a5 Kd7 32. Bb6 c5 33. Ke2 Kc6 34. f4 c4 35. Rc1 Kb5 36. g4 c3 37. Rc2 Kc4 38. Ra2 Kb3 39. Ra1 Kb2 40. Ra4 Bc5 0-1

[Event "Albena op"]
[Site "Albena"]
[Date "2017.06.18"]
[Round "2"]
[White "Shevchenko, Danylo"]
[Black "Vetoshko, Volodymyr"]
[Result "0-1"]
[WhiteElo "2150"]
[BlackElo "2498"]
[PlyCount "95"]
[EventDate "2017.06.17"]
[EventType "swiss"]
[EventRounds "9"]
[EventCountry "BUL"]
[SourceTitle "CBM 179 Extra"]
[Source "ChessBase"]
[SourceDate "2017.08.23"]
[SourceVersion "1"]
[SourceVersionDate "2017.08.23"]
[SourceQuality "1"]

1. e4 c5 2. c3 d5 3. exd5 Nf6 4. d4 Nxd5 5. Nf3 cxd4 6. Nxd4 e5 7. Nb5 Be6 8. Bc4 Na6 9. Qe2 Bc5 10. Qxe5 0-0 11. 0-0 Ne3 12. Bxe3 Bxc4 13. Bxc5 Re8 14. Qd4 Bxf1 15. Kxf1 Nxc5 16. N1a3 Qe7 17. Qd1 Qe5 18. Kg1 Na4 19. h3 Nxb2 20. Qc2 Nc4 21. Nxc4 Qxb5 22. Nd6 Re2 23. Qd1 Qe5 24. Kf1 Rb2 25. Nc4 Qxc3 26. Rc1 Rb1 27. Rxb1 Qxc4+ 28. Qe2 Qxe2+ 29. Kxe2 Re8+ 30. Kd3 Re7 31. Rc1 g6 32. Rc8+ Kg7 33. Ra8 a6 34. a4 Kf6 35. g4 Kg5 36. Kd4 Kh4 37. Rh8 Kxh3 38. Rxh7+ Kxg4 39. Kd5 Rd7+ 40. Kc5 Kf3 41. Rh2 f5 42. a5 f4 43. Kb6 g5 44. Kc5 g4 45. Kb6 Rd5 46. Rh4 Rb5+ 47. Kc7 Rxa5 48. Kxb7 0-1